LEADER 03703nam 2200961 450 001 9910807453403321 005 20210429235348.0 010 $a0-520-96147-1 024 7 $a10.1525/9780520961470 035 $a(CKB)2670000000582902 035 $a(EBL)1816351 035 $a(SSID)ssj0001432308 035 $a(PQKBManifestationID)11934680 035 $a(PQKBTitleCode)TC0001432308 035 $a(PQKBWorkID)11405130 035 $a(PQKB)11080809 035 $a(DE-B1597)521076 035 $a(OCoLC)897905584 035 $a(DE-B1597)9780520961470 035 $a(Au-PeEL)EBL1816351 035 $a(CaPaEBR)ebr10994725 035 $a(CaONFJC)MIL672481 035 $a(MiAaPQ)EBC1816351 035 $a(EXLCZ)992670000000582902 100 $a20141215h20152015 uy 0 101 0 $aeng 135 $aur|nu---|u||u 181 $ctxt 182 $cc 183 $acr 200 10$aBole-english-hausa dictionary and english-bole wordlist /$fAlhaji Maina Gimba, Russell G. Schuh 205 $aFirst edition. 210 1$aOakland, California :$cUniversity of California Press,$d2015. 210 4$dİ2015 215 $a1 online resource (417 p.) 225 0 $aUC Publications in Linguistics ;$vVolume 148 300 $aDescription based upon print version of record. 311 $a0-520-28611-1 311 $a1-322-41199-9 320 $aIncludes bibliographical references. 327 $tFront matter --$tContents --$tAcknowledgments --$tIntroduction --$tAbbreviations --$tBole-English-Hausa Dictionary --$tEnglish-Bole Wordlist --$tAppendices --$tReferences 330 $aThis is a dictionary of Bole, a little documented language of the Chadic family, spoken in northeastern Nigeria. This is one of the most comprehensive dictionaries of any Chadic language other than Hausa. All entries for Bole are fully marked for tone and vowel length. The Bole-English-Hausa section has full definitions and explanations of meaning in English with numerous examples of use. Each entry has a Hausa gloss. The English-Bole section is intended mainly as an index to the Bole-English-Hausa section. There are appendices of flora and fauna terms, cultural terms, pronouns, and comprehensive paradigms of verb forms. 410 0$aUniversity of California publications in linguistics$v148 606 $aBole language$vDictionaries$xEnglish 608 $aDictionaries.$2fast 610 $abauchi nigeria. 610 $abolanci. 610 $abole english dictionary. 610 $abole language pronunciation. 610 $abole language. 610 $abole pronunciation. 610 $abole. 610 $achadic languages. 610 $agombe nigeria. 610 $ahausa english dictionary. 610 $ahausa language pronunciation. 610 $ahausa language. 610 $ahausa pronunciation. 610 $ahausa. 610 $alanguage of fika. 610 $anigeria. 610 $anigerian dictionary. 610 $anigerian languages. 610 $anigerian pronunciation. 610 $anortheastern nigeria language. 610 $anortheastern nigeria. 610 $atranslate bola. 610 $atranslate bole language. 610 $atranslate hausa language. 610 $atranslate hausa. 610 $ayobe nigeria. 615 0$aBole language$xEnglish. 676 $a493.7 686 $aEP 14263$2rvk 700 $aGimba$b Maina$f1961-$01666879 702 $aSchuh$b Russell G.$f1941- 801 0$bMiAaPQ 801 1$bMiAaPQ 801 2$bMiAaPQ 906 $aBOOK 912 $a9910807453403321 996 $aBole-english-hausa dictionary and english-bole wordlist$94026374 997 $aUNINA LEADER 01923oam 2200541I 450 001 9910706515603321 005 20241021233608.0 035 $a(CKB)5470000002457295 035 $a(OCoLC)892425394 035 $a(OCoLC)995470000002457295 035 $a(EXLCZ)995470000002457295 100 $a20141006d1964 ua 0 101 0 $aeng 135 $aurmn||||||||| 181 $ctxt$2rdacontent 182 $cc$2rdamedia 183 $acr$2rdacarrier 200 10$aData of geochemistry$hChapter L$ePhase-equilibrium relations of the common rock-forming oxides except water /$fGeorge W. Morey 205 $a6th ed. /$bMichael Fleischer, technical editor. 210 1$aWashington :$cUnited States Department of the Interior, Geological Survey,$d1964. 215 $a1 online resource (ix, L159 pages) $cillustrations 225 1 $aGeological Survey professional paper ;$v440-L 300 $aTitle from title screen (viewed September 30, 2014). 300 $a"A discussion of the melting relations of the common rock-forming oxides and the binary, ternary, quaternary, and quinary systems formed by them." 320 $aIncludes bibliographical references (pages L152-L158) and index. 517 $aData of geochemistry 606 $aGeochemistry 606 $aOxide minerals 606 $aRocks$xAnalysis 606 $aGeochemistry$2fast 606 $aRocks$xAnalysis$2fast 615 0$aGeochemistry. 615 0$aOxide minerals. 615 0$aRocks$xAnalysis. 615 7$aGeochemistry. 615 7$aRocks$xAnalysis. 700 $aMorey$b G. W$g(George Washington),$f1888-1965,$01398015 702 $aFleischer$b Michael$f1908-1998, 712 02$aGeological Survey (U.S.), 801 0$bCOP 801 1$bCOP 801 2$bOCLCO 801 2$bOCLCF 801 2$bGPO 906 $aBOOK 912 $a9910706515603321 996 $aData of geochemistry$93460513 997 $aUNINA